000
00265nam a2200109Ia 4500
001
588737
005
20250717120837.0
008
250717s9999 xx 000 0 und d
245
0
_a
Z-1 DOĞURAN KAZAN
_c
AHMET ÇELİK
260
_b
ERDEM YAYINLARI
_c
2019
300
_b
80
999
_c
588737
_d
588737